Federal Circuit yearbook : (Record no. 8530)

MARC details
000 -LEADER
fixed length control field 02099cas a2200505 a 4500
001 - CONTROL NUMBER
control field 12066724
003 - CONTROL NUMBER IDENTIFIER
control field OSt
005 - DATE AND TIME OF LATEST TRANSACTION
control field 20170822175040.0
007 - PHYSICAL DESCRIPTION FIXED FIELD--GENERAL INFORMATION
fixed length control field t|
008 - FIXED-LENGTH DATA ELEMENTS--GENERAL INFORMATION
fixed length control field 000621c19979999nyuar 0 a0eng c
010 ## - LIBRARY OF CONGRESS CONTROL NUMBER
LC control number sn 97049157
022 0# - INTERNATIONAL STANDARD SERIAL NUMBER
International Standard Serial Number 1532-6632
Source 1
035 ## - SYSTEM CONTROL NUMBER
System control number (OCoLC)ocm36733334
037 ## - SOURCE OF ACQUISITION
Source of stock number/acquisition PLI Press, 810 Seventh Avenue, New York, New York 10019
040 ## - CATALOGING SOURCE
Original cataloging agency MChB
Transcribing agency BSU
Modifying agency MoSU-L
-- MH-L
-- DLC
-- NSDP
-- DLC
-- MH
-- OCoLC
Language of cataloging English
042 ## - AUTHENTICATION CODE
Authentication code pcc
-- nsdp
043 ## - GEOGRAPHIC AREA CODE
Geographic area code n-us---
050 00 - LIBRARY OF CONGRESS CALL NUMBER
Classification number KF3157.A152
Item number F43
082 10 - DEWEY DECIMAL CLASSIFICATION NUMBER
Classification number 346 PET
Edition number 13
100 ## - MAIN ENTRY--PERSONAL NAME
Personal name Gale R. Peterson
9 (RLIN) 18123
210 0# - ABBREVIATED TITLE
Abbreviated title Fed. Circuit yearb.
222 #0 - KEY TITLE
Key title Federal Circuit yearbook
245 00 - TITLE STATEMENT
Title Federal Circuit yearbook :
Remainder of title patent law developments in the Federal Circuit.
Statement of responsibility, etc Peterson Gale R.
260 ## - PUBLICATION, DISTRIBUTION, ETC. (IMPRINT)
Place of publication, distribution, etc New York :
Name of publisher, distributor, etc Practising Law Institute,
Date of publication, distribution, etc 2003
300 ## - PHYSICAL DESCRIPTION
Extent lvii,513p.
Dimensions 23 cm.
310 ## - CURRENT PUBLICATION FREQUENCY
Current publication frequency Annual
362 0# - DATES OF PUBLICATION AND/OR SEQUENTIAL DESIGNATION
Dates of publication and/or sequential designation 1997-
500 ## - GENERAL NOTE
General note Editor: Alex Chartove.
515 ## - NUMBERING PECULIARITIES NOTE
Numbering peculiarities note Each issue covers cases published during the previous year.
610 10 - SUBJECT ADDED ENTRY--CORPORATE NAME
Corporate name or jurisdiction name as entry element United States.
Subordinate unit Court of Appeals (Federal Circuit)
9 (RLIN) 18124
650 #0 - SUBJECT ADDED ENTRY--TOPICAL TERM
Topical term or geographic name as entry element Patent suits
Geographic subdivision United States.
9 (RLIN) 18125
650 #0 - SUBJECT ADDED ENTRY--TOPICAL TERM
Topical term or geographic name as entry element Patent laws and legislation
Geographic subdivision United States.
9 (RLIN) 17416
700 1# - ADDED ENTRY--PERSONAL NAME
Personal name Chartove, Alex,
Dates associated with a name 1954-
9 (RLIN) 18126
710 2# - ADDED ENTRY--CORPORATE NAME
Corporate name or jurisdiction name as entry element Practising Law Institute.
9 (RLIN) 18127
780 00 - PRECEDING ENTRY
Title Patent law developments in the Federal Circuit
Record control number (DLC)sn 97049158
-- (OCoLC)30323010
906 ## - LOCAL DATA ELEMENT F, LDF (RLIN)
a 7
b cbc
c serials
d 2
e ncip
f 19
g n-oclcserc
936 ## - OCLC/CONSER MISCELLANEOUS DATA (OCLC); PIECE USED FOR CATALOGING (pre-AACR2) (RLIN)
OCLC control number(s) of parallel record(s) (OCLC); Piece used for cataloging, PUC (RLIN) 1999 LIC
942 ## - ADDED ENTRY ELEMENTS (KOHA)
Source of classification or shelving scheme Dewey Decimal Classification
Koha item type Books
Holdings
Withdrawn status Lost status Source of classification or shelving scheme Damaged status Not for loan Home library Current library Shelving location Date acquired Source of acquisition Inventory number Full call number Barcode Date last seen Copy number Price effective from Koha item type
    Dewey Decimal Classification     Main Library Faculty of Law Library   11/02/2014 Donation 29340 346 PET bsu24090291 11/02/2014 001 11/02/2014 Books

© 2017 Bishop Stuart University Library. All Rights Reserved.
Kakoba Campus, Plot 150 Buremba Road | P.O. Box 9, Mbarara, UGANDA | Tel: +256-772-463068
Email: library@bsu.ac.ug